• AIU
  • Tony Wilmot Memorial Library

The encyclopaedia of Islam. (Record no. 57581)

MARC details
000 -LEADER
fixed length control field 01895cam a2200373 a 4500
001 - CONTROL NUMBER
control field 11934921
003 - CONTROL NUMBER IDENTIFIER
control field OSt
005 - DATE AND TIME OF LATEST TRANSACTION
control field 20190206141845.0
008 - FIXED-LENGTH DATA ELEMENTS--GENERAL INFORMATION
fixed length control field 000308s2000 ne i 000 0 eng d
010 ## - LIBRARY OF CONGRESS CONTROL NUMBER
LC control number 00265457
020 ## - INTERNATIONAL STANDARD BOOK NUMBER
International Standard Book Number 9004116354
035 ## - SYSTEM CONTROL NUMBER
System control number (OCoLC)ocm43251604
040 ## - CATALOGING SOURCE
Original cataloging agency DWT
Transcribing agency DWT
Modifying agency DLC
042 ## - AUTHENTICATION CODE
Authentication code lccopycat
043 ## - GEOGRAPHIC AREA CODE
Geographic area code a------
-- f------
050 00 - LIBRARY OF CONGRESS CALL NUMBER
Classification number DS35.53.E533
Item number E532 2000
082 00 - DEWEY DECIMAL CLASSIFICATION NUMBER
Classification number 909/.09767
Edition number 22
245 04 - TITLE STATEMENT
Title The encyclopaedia of Islam.
Name of part/section of a work Glossary and index of terms to volumes I-IX and to the supplement, fascicules 1-6 /
Statement of responsibility, etc under the editorship of P.J. Bearman ... [et al.].
250 ## - EDITION STATEMENT
Edition statement New ed.
260 ## - PUBLICATION, DISTRIBUTION, ETC. (IMPRINT)
Place of publication, distribution, etc Leiden ;
-- Boston :
Name of publisher, distributor, etc Brill,
Date of publication, distribution, etc 2000.
300 ## - PHYSICAL DESCRIPTION
Extent 427 p. ;
Dimensions 25 cm.
500 ## - GENERAL NOTE
General note "This edition of the Glossary and index of terms to The Encyclopaedia of Islam incorporates volume IX, which was published in December 1997. A change in title, omitting the adjective 'technical' to describe the terms, is meant to more accurately define the contents of this volume. The basis of the index was laid by Dr. Hakeem Uddeen Qureshi (vols. I-III) and Jos van Lent (vols. IV to VIII), whose work was then collated, augmented and edited by Peri Bearman (supplement, vol. IX), who also has begun the process of adding terms and entries missing in the first two editions."--Preface.
630 00 - SUBJECT ADDED ENTRY--UNIFORM TITLE
Uniform title Encyclopaedia of Islam
Form subdivision Indexes.
9 (RLIN) 21745
650 #0 - SUBJECT ADDED ENTRY--TOPICAL TERM
Topical term or geographic name as entry element Islam
Form subdivision Indexes.
9 (RLIN) 21746
651 #0 - SUBJECT ADDED ENTRY--GEOGRAPHIC NAME
Geographic name Islamic countries
Form subdivision Indexes.
9 (RLIN) 21747
700 1# - ADDED ENTRY--PERSONAL NAME
Personal name Bearman, P. J.
Fuller form of name (Peri J.)
9 (RLIN) 21750
700 ## - ADDED ENTRY--PERSONAL NAME
Personal name Bianquis, TH.
9 (RLIN) 48361
700 ## - ADDED ENTRY--PERSONAL NAME
Personal name Bosworth, C.E.
9 (RLIN) 48362
700 ## - ADDED ENTRY--PERSONAL NAME
Personal name Donzel, E. van.
9 (RLIN) 48363
700 ## - ADDED ENTRY--PERSONAL NAME
Personal name Heinrichs, W. P.
9 (RLIN) 48364
906 ## - LOCAL DATA ELEMENT F, LDF (RLIN)
a 7
b cbc
c copycat
d 2
e ncip
f 20
g y-gencatlg
942 ## - ADDED ENTRY ELEMENTS (KOHA)
Source of classification or shelving scheme Library of Congress Classification
Koha item type Reference
Holdings
Withdrawn status Lost status Source of classification or shelving scheme Damaged status Not for loan Collection code Home library Current library Shelving location Date acquired Source of acquisition Cost, normal purchase price Total Checkouts Full call number Barcode Date last seen Copy number Price effective from Koha item type
    Library of Congress Classification     Reference AIU/NEGST - Tony Wilmot Memorial Library AIU/NEGST - Tony Wilmot Memorial Library Reference 07/11/2013 Donation -AIU Translation Department 55.00   REF DS 35.53.E533 2000 R27258L3232 09/26/2019 1 07/11/2013 Reference
    Library of Congress Classification     Reference AIU/NEGST - Tony Wilmot Memorial Library AIU/NEGST - Tony Wilmot Memorial Library Reference 01/31/2018 Donation - TBN 35.00   REF DS 35.53.E533E532 2000 T00189W3232 09/26/2019 2 09/24/2018 Reference